Statistics for Biggest Cities in the U.S. in My Opinion

Click here to take the quiz!

General Stats

  • This quiz has been taken 22 times
  • The average score is 20 of 22

Answer Stats

HintAnswer% Correct
14MLos Angeles
100%
18MNew York
100%
5.8MAtlanta
95%
4.1MBoston
95%
9.3MChicago
95%
7.0MDallas
95%
6.3MHouston
95%
6.2MMiami
95%
5.4MPhiladelphia
95%
2.5MSan Diego
95%
5.5MSan Francisco
95%
2.8MDenver
89%
3.5MDetroit
89%
4.9MPhoenix
89%
3.5MSeattle
89%
5.4MWashington
89%
2.7MMinneapolis
84%
2.2MOrlando
84%
2.2MCharlotte
79%
2.3MSaint Louis
79%
2.7MTampa
74%
2.7MLas Vegas
68%

Score Distribution

Percentile by Number Answered

Percent of People with Each Score

Your Score History

You have not taken this quiz